000 00301nam a22001337a 4500
008 171101b xxu||||| |||| 00| 0 eng d
020 _a0262081385
041 _aeng
080 _a339
100 _a59
101 _aTRE
245 _aSUBSIDIES IN INTERNATIONAL TRADE
_cHUFBAUER,G.C
942 _2udc
_cBK
999 _c37063
_d37063